000 00662nam a2200241 i 4500
001 C2-0125079
003 PPAK
005 20180727114953.0
008 970906s1985 nyua|||| ||||| | eng d
020 _a0688040144
040 _aPPAK
_beng
_cPPAK
_erda
082 0 4 _a811
_223
090 0 0 _a811
_bLON
_dK
100 1 _aLongfellow, Henry Wadsworth,
_eauthor
245 1 0 _aPaul revere's ride
264 1 _aNew York :
_bGreenwillow Books ,
_c1985
300 _a45 pages :
_billustrations ;
_c23 cm
336 _2rdacontent
_atext
337 _2rdamedia
_aunmediated
338 _2rdacarrier
_avolume
650 1 0 _aChildren's stories, English
942 _ddc
_cB
999 _c36695
_d36695